000 00408nam a2200181Ia 4500
001 10201
005 20260306161814.0
008 260306t1929||||xx |||||||||||||| ||spa||
041 _aESP
082 _a909
_bG356
100 _aGlotz, G.
_eAUT
245 0 _aLa ciudad griega
260 _c1929
300 _axxiii, 515 páginas :
_c21cm.
650 _aGEN
654 _aCHU
942 _cLIB
_dJUS
_fJUS
_2ddc
_n
999 _c10201
_d10201